El sentido de la historia: ensayo filosófico sobre los destinos de la humanidad
Uloženo v:
| Hlavní autor: | |
|---|---|
| Médium: | Kniha |
| Jazyk: | španělština |
| Vydáno: |
Santiago
Letras
1936
|
| Témata: | |
| Tagy: |
Přidat tag
Žádné tagy, Buďte první, kdo vytvoří štítek k tomuto záznamu!
|
MARC
| LEADER | 00000nam a2200000 a 4500 | ||
|---|---|---|---|
| 001 | UCP8540 | ||
| 003 | CL-VaPUC | ||
| 008 | 000303e19360000CL |||||||||||||||||spa|d | ||
| 082 | 0 | 4 | |a 901 |b BER |2 21 |
| 100 | |a Berdiaeff, Nicolás |e author |9 579056 | ||
| 245 | 1 | 3 | |a El sentido de la historia: ensayo filosófico sobre los destinos de la humanidad |
| 300 | |a 246 p | ||
| 942 | |c BK | ||
| 945 | |d 20000303 00:00:00 |a rherrera | ||
| 260 | |a Santiago |b Letras |c 1936 | ||
| 650 | 0 | |a Filosofía de la historia |9 265651 | |
| 650 | 0 | |a Ensayos |9 268724 | |
| 650 | 7 | |a HUMANIDAD |2 CL-VaPUC |9 309969 | |
| 583 | |a last modification |c 20000303 00:00:00 |k Rodrigo Vera | ||
| 999 | |c 285432 |d 285430 | ||
| 952 | |0 0 |1 0 |4 0 |6 901_000000000000000_BER_1936 |7 0 |8 X |9 330056 |a BIBHIS |b BIBHIS |d 2019-11-20 |i 1392425 |o 901 BER 1936 |p 1392425 |r 2024-01-30 |w 2019-11-20 |y BK_X |k HIS | ||